000 00447nam a2200193Ia 4500
008 210210b1967 xxu||||| |||| 00| 0 eng d
041 _aeng
082 _a822/827
100 _aMARTIN (T)
245 _aAbridged version of four monographes
260 _aMadras
_bNot Mentioned
_c1967
650 _aversion
650 _aof
650 _amonographes
650 _afour
650 _aAbridged
690 _aEnglish Prose
906 _a013011
999 _c131845
_d131845